Uttar Pradesh district gazetteers. (Record no. 64238)
[ view plain ]
| 000 -LEADER | |
|---|---|
| fixed length control field | 01534cam a2200253 4500 |
| 001 - CONTROL NUMBER | |
| control field | sa 65005316 |
| 003 - CONTROL NUMBER IDENTIFIER | |
| control field | DLC |
| 005 - DATE AND TIME OF LATEST TRANSACTION | |
| control field | 20260227112137.0 |
| 008 - FIXED-LENGTH DATA ELEMENTS--GENERAL INFORMATION | |
| fixed length control field | 891115m19599999ii ab b s00010 eng |
| 010 ## - LIBRARY OF CONGRESS CONTROL NUMBER | |
| LC control number | sa 65005316 //r904 |
| Canceled/invalid LC control number | 88901667 |
| 025 ## - OVERSEAS ACQUISITION NUMBER | |
| Overseas acquisition number | I-E-2098 |
| 040 ## - CATALOGING SOURCE | |
| Original cataloging agency | DLC |
| Transcribing agency | DLC |
| Modifying agency | DLC |
| 043 ## - GEOGRAPHIC AREA CODE | |
| Geographic area code | a-ii--- |
| 050 00 - LIBRARY OF CONGRESS CALL NUMBER | |
| Classification number | DS485.U61 |
| Item number | U88 1959 |
| 082 00 - DEWEY DECIMAL CLASSIFICATION NUMBER | |
| Classification number | 915.4/2/003 |
| 245 00 - TITLE STATEMENT | |
| Title | Uttar Pradesh district gazetteers. |
| 260 0# - PUBLICATION, DISTRIBUTION, ETC. | |
| Place of publication, distribution, etc. | [Lucknow] |
| Name of publisher, distributor, etc. | Govt. of Uttar Pradesh |
| Date of publication, distribution, etc. | [1959-<1993 > |
| 300 ## - PHYSICAL DESCRIPTION | |
| Extent | v. <1-54 > : |
| Other physical details | illus., fold. col. maps. |
| Dimensions | 25 cm. |
| 440 #0 - SERIES STATEMENT/ADDED ENTRY--TITLE | |
| Title | Gazetteer of India |
| 504 ## - BIBLIOGRAPHY, ETC. NOTE | |
| Bibliography, etc. note | Includes bibliographies. |
| 505 1# - FORMATTED CONTENTS NOTE | |
| Formatted contents note | Holdings listed alphabetically. LC has: Agra.--Agra. Supplementary.--Aligarh.--Allahabad.--Almora.--Azamgarh.--Bahraich.--Ballia.--Banda.--Bara Banki.--Bara Banki. Supplementary.--Bareilly.--Basti.--Bijnor.--Budaun.--Bulandshahr.--Chamoli.--Dehra Dun.--Deoria.--Etah.--Etawah.--Faizabad.--Faizabad. Supplementary.--Farrukhabad.--Fatehpur.--Garhwal.--Ghazipur.--Gonda.--Gorakhpur.--Hamirpur.--Hardoi.--Jalaun.--Jaunpur.--Jhansi.--Jhansi. Supplementary.--Kanpur.--Kheri.--Lucknow.--Lucknow. Supplementary.--Mainpur.--Mathura.--Meerut.-Meerut. Supplementary.--Mirzapur.--Moradabad.--Muzaffarnagar.--Naini Tal.--Pilibhit.--Pithoragarh.--Pratapgarh.--Rae Bareli.--Rampur.--Saharanpur Shahjahanpur.--Sitapur.--Sitapur supplementary.--Sultanpur.--Tehri Garhwal.--Unnao.--Uttarkashi.--Varanasi.--Varanasi supplementary. |
| 651 #0 - SUBJECT ADDED ENTRY--GEOGRAPHIC NAME | |
| Geographic name | Uttar Pradesh (India) |
| 710 10 - ADDED ENTRY--CORPORATE NAME | |
| Corporate name or jurisdiction name as entry element | Uttar Pradesh (India) |
No items available.